Score 0/26 Timer 08:00
0 Plays Today
Quote Missing Word % Correct
(A): ___ is the cruellest month, breedingApril
95.9%
(W): How do I love thee? Let me count the ___.ways
83%
(R): O my Luve is like a red, red ___rose
82.9%
(T): I took the one less ___ by,/ And that has made all the difference.traveled
78.8%
(H): If you can keep your ___ when all about you/ Are losing theirs and blaming it on youhead
78.6%
(N): Quoth the Raven '___.'Nevermore
76.8%
(Q): Candy is dandy, but liquor is ___.quicker
76.5%
(C): O ___! My ___!Captain
74.9%
(U): ___ a spreading chestnut-tree/ The village smithy standsUnder
74.5%
(L): I wandered ___ as a cloudlonely
68.3%
(X): In ___ did Kubla Khan/ A stately pleasure-dome decreeXanadu
67%
(E): You fit into me/ like a hook into an ___/ a fish hook/ an open ___eye
66.4%
(F): Hope is the thing with ___/ That perches in the soulfeathers
56%
Quote Missing Word % Correct
(O): My name is ___, King of KingsOzymandias
49.7%
(D): Tread softly because you tread on my ___.dreams
49.3%
(S): What immortal hand or eye/ Dare frame thy fearful ___?symmetry
46.9%
(K): There was an Old Man, who when little/ Fell casually into a ___kettle
41%
(M): But there is no joy in ___ - Mighty Casey has struck out.Mudville
38.6%
(Z): My friend, you would not tell with such high ___/ To children ardent for some desperate gloryzest
36.9%
(G): There are strange things done in the midnight sun/ By the men who moil for ___gold
36.4%
(P): I have eaten/ the ___/ that were in/ the iceboxplums
34.7%
(B): For if dreams die,/ Life is a ___-winged birdbroken
31.5%
(J): Warning: An unequal spread of ___ will damage the people and cause painjustice
30.6%
(Y): And all our ___ have lighted fools/ The road to dusty death.yesterdays
21.1%
(I): I find this frenzy ___ reason/ For conversation when we meet again.insufficient
10.3%
(V): My love is true, but all my ___ is rotten.verse
9%
Remove Ads.
Support Sporcle.
Get the best of Sporcle when you Go Orange. This ad-free experience offers more features, more stats, and more fun while also helping to support Sporcle. Thank you for becoming a member.

You're not logged in!

Compare scores with friends on all Sporcle quizzes.
OR
Log In

Show Comments

Extras

Top Quizzes Today


Score Distribution

Your Account Isn't Verified!

In order to create a playlist on Sporcle, you need to verify the email address you used during registration. Go to your Sporcle Settings to finish the process.

Report this User

Report this user for behavior that violates our Community Guidelines.

Details: